China : la otra superpotencia /

Bibliographic Details
Main Author: Leterme, Cédric (Author)
Other Authors: Zulueta Rodríguez, Orlando (Translator)
Format: Electronic eBook
Language:Spanish
French
Published: Madrid : Editorial Popular, [2021]
Series:0 a la izquierda.
Subjects:
Online Access:Digitalia Hispánica

MARC

LEADER 00000nam a2200000Ii 4500
001 DIGPOPL0226
003 NyNyDIG
006 m o d
007 cr |||||||||||
008 240920s2021 sp ob 000 0 spa d
035 |a (OCoLC)1456948507 
040 |a DGITA  |b eng  |e rda  |e pn  |c DGITA 
020 |z 9788478848737 
041 1 |a spa  |h fre 
043 |a a-cc--- 
050 1 4 |a DS779.4 ebook 
130 0 |a Chine.  |l Spanish  |s (Zulueta Rodríguez) 
245 1 0 |a China :  |b la otra superpotencia /  |c Cédric Leterme [and 11 others] ; traducción, Orlando Zulueta Rodríguez. 
264 1 |a Madrid :  |b Editorial Popular,  |c [2021] 
300 |a 1 online resource. 
336 |a text  |b txt  |2 rdacontent 
337 |a computer  |b c  |2 rdamedia 
338 |a online resource  |b cr  |2 rdacarrier 
347 |a text file  |2 rdaft 
347 |b PDF 
490 1 |a 0 a la izquierda 
504 |a Includes bibliographical references. 
588 0 |a Online resource; title from PDF title page (Digitalia, viewed September 20, 2024) 
651 0 |a China  |x Social conditions  |y 21st century. 
651 0 |a China  |x Economic conditions  |y 21st century. 
651 0 |a China  |x Politics and government  |y 2002- 
700 1 |a Leterme, Cédric,  |e author. 
700 1 |a Zulueta Rodríguez, Orlando,  |e translator. 
730 0 |i Translation of:  |a Chine. 
791 2 |a Digitalia (Firm),  |e distributor. 
793 0 |g Digitalia eBook Collection:  |a Editorial Popular 
776 0 8 |i Print version:  |a Chine. Spanish (Zulueta Rodríguez).  |t China.  |d Madrid : Editorial Popular, [2021]  |z 9788478848737 
830 0 |a 0 a la izquierda. 
856 4 0 |3 Digitalia Hispánica  |u https://www.digitaliapublishing.com/a/155713/ 
910 |a Premium collection: 2024